| 000 | 00501nam a22001697a 4500 | ||
|---|---|---|---|
| 003 | OSt | ||
| 005 | 20250214100437.0 | ||
| 008 | 250213s2013 ag ||||| |||| 00| 1 spa d | ||
| 020 | _a9789876293198 | ||
| 040 | _cbesoc | ||
| 100 | 1 |
_aGaleano, Eduardo, _d1940-2015 _eautor |
|
| 245 |
_aMemoria del fuego I : _bLos nacimientos / _cEduardo Galeano |
||
| 260 |
_aBuenos Aires : _bSiglo XXI, _c2013 |
||
| 300 | _a368 p. | ||
| 650 |
_aLiteratura uruguaya _vCrónicas _vAnécdotas _ySiglos XV-XVII |
||
| 942 |
_2udc _cOG _n0 |
||
| 999 |
_c443 _d443 |
||